[Event "Ruhrgebiet VL1 0910"]
[Site "Germany"]
[Date "2010.01.10"]
[Round "5.5"]
[White "Volesky, Karl Heinz"]
[Black "Pustelny Conrad, Dieter"]
[Result "1/2-1/2"]
[WhiteElo "2098"]
[BlackElo "1966"]
[PlyCount "55"]
[EventDate "2009.09.06"]
[EventType "team-tourn"]
[EventRounds "9"]
[EventCountry "GER"]
[SourceTitle "EXT 2011"]
[Source "ChessBase"]
[SourceDate "2010.11.26"]
[SourceVersion "1"]
[SourceVersionDate "2010.11.26"]
[SourceQuality "1"]
[WhiteTeam "Ahlen"]
[BlackTeam "Wattenscheid IV"]
[WhiteTeamCountry "GER"]
[BlackTeamCountry "GER"]

1. e4 c5 2. Nf3 Nc6 3. d4 cxd4 4. Nxd4 Qb6 5. Nb3 a6 6. Nc3 e6 7. Be3 Qc7 8. a3 Nf6 9. Be2 Be7 10. 0-0 d6 11. f4 b5 12. Qe1 Bb7 13. Qf2 Rc8 14. Bf3 0-0 15. Nd4 Nxd4 16. Bxd4 e5 17. Bb6 Qb8 18. fxe5 dxe5 19. Rad1 Rc4 20. Rfe1 Rfc8 21. Be2 Nxe4 22. Nxe4 Rxe4 23. Rd7 Rf4 24. Bf3 Bh4 25. Rxb7 Qxb7 26. Bxb7 Bxf2+ 27. Bxf2 Rxc2 28. Bg3 1/2-1/2

[Event "Ruhrgebiet Regionalliga 0708"]
[Site "Germany"]
[Date "2007.09.23"]
[Round "1.3"]
[White "Himmel, Hansjoerg"]
[Black "Volesky, Karl Heinz"]
[Result "1-0"]
[WhiteElo "2246"]
[BlackElo "2099"]
[PlyCount "65"]
[EventDate "2007.09.16"]
[EventType "team"]
[EventRounds "9"]
[EventCountry "GER"]
[SourceTitle "EXT 2009"]
[Source "ChessBase"]
[SourceDate "2008.11.26"]
[SourceVersion "1"]
[SourceVersionDate "2008.11.26"]
[SourceQuality "1"]
[WhiteTeam "Kamen"]
[BlackTeam "Ahlen"]
[WhiteTeamCountry "GER"]
[BlackTeamCountry "GER"]

1. e4 c5 2. Nf3 d6 3. d4 cxd4 4. Nxd4 Nf6 5. Nc3 a6 6. f4 e6 7. Be2 Qb6 8. a4 Nc6 9. Nb3 h5 10. a5 Qa7 11. Bf3 Ng4 12. Qe2 Nd4 13. Nxd4 Qxd4 14. h3 Nf6 15. Na4 Nd7 16. Be3 Qf6 17. 0-0 h4 18. Rad1 Be7 19. c4 0-0 20. b4 Rd8 21. Bh5 d5 22. cxd5 exd5 23. Rxd5 Qc6 24. Nc5 Nxc5 25. Rxd8+ Bxd8 26. Bxc5 Bxa5 27. Qa2 g6 28. Qxa5 b6 29. Bxb6 gxh5 30. Bd4 Bb7 31. Qxh5 f6 32. Qg6+ Kf8 33. Bc5+ 1-0